Sports Quiz

Random Sports or Play Quiz

English based World Cup Players Quiz Stats

 Plays Quiz not verified by Sporcle

Challenge
Share
Tweet
Embed
Score 0/122 Timer 20:00
0 Plays Today
Country Player % Correct
EnglandWayne Rooney
90.7%
EnglandJohn Terry
89.8%
EnglandFrank Lampard
89.8%
EnglandSteven Gerrard
88.9%
EnglandAshley Cole
88.4%
EnglandJoe Cole
88%
EnglandGareth Barry
87%
EnglandRio Ferdinand
85.6%
ArgentinaCarlos Tévez
85.2%
EnglandDavid James
85.2%
EnglandRobert Green
84.7%
EnglandJoe Hart
84.7%
EnglandJermain Defoe
84.3%
EnglandPeter Crouch
83.8%
Côte d'Ivoire Didier Drogba
83.8%
EnglandJames Milner
81.9%
FrancePatrice Evra
81.5%
NetherlandsDirk Kuyt
81.5%
NetherlandsRobin van Persie
80.1%
Korea RepublicPark Ji-Sung
79.6%
EnglandMichael Carrick
79.6%
South AfricaSteven Pienaar
79.2%
EnglandGlen Johnson
79.2%
MexicoJavier Hernández
78.2%
EnglandAaron Lennon
78.2%
United States Clint Dempsey
78.2%
MexicoCarlos Vela
77.8%
EnglandJamie Carragher
77.3%
EnglandLedley King
77.3%
FranceNicolas Anelka
76.9%
EnglandEmile Heskey
76.9%
SpainCesc Fabregas
76.4%
Côte d'Ivoire Kolo Touré
75.5%
EnglandShaun Wright-Phillips
75%
SpainFernando Torres
75%
FranceFlorent Malouda
74.1%
EnglandMatthew Upson
74.1%
MexicoGiovani dos Santos
73.6%
SerbiaNemanja Vidić
73.1%
Côte d'Ivoire Salomon Kalou
72.7%
FranceBacary Sagna
72.2%
Country Player % Correct
DenmarkNicklas Bendtner
72.2%
ArgentinaJavier Mascherano
71.8%
AustraliaTim Cahill
70.8%
NigeriaJohn Obi Mikel
70.4%
EnglandStephen Warnock
69.9%
NigeriaYakubu
69%
ParaguayRoque Santa Cruz
69%
FranceWilliam Gallas
68.5%
CameroonAlex Song
68.5%
PortugalNani
68.5%
ArgentinaMaxi Rodríguez
67.6%
FranceGaël Clichy
67.1%
NetherlandsNigel de Jong
67.1%
United States Tim Howard
66.7%
NigeriaJoseph Yobo
65.7%
DenmarkDaniel Agger
65.3%
SpainPepe Reina
65.3%
HondurasWilson Palacios
65.3%
New ZealandRyan Nelsen
64.4%
ArgentinaJonás Gutiérrez
63%
SlovakiaMartin Skrtel
62.5%
AustraliaMark Schwarzer
62%
PortugalRicardo Carvalho
61.6%
United States Jonathan Spector
59.3%
NetherlandsRyan Babel
58.8%
Côte d'Ivoire Emmanuel Eboué
58.8%
SerbiaBranislav Ivanović
57.4%
South AfricaAaron Mokoena
56.9%
SwitzerlandPhilippe Senderos
56.9%
Korea RepublicLee Chung-Yong
56.5%
United States Brad Guzan
56.5%
NetherlandsJohn Heitinga
56.5%
PortugalDeco
56.5%
CameroonBenoît Assou-Ekotto
56%
FranceAbou Diaby
55.6%
DenmarkThomas Sorensen
55.6%
BrazilHeurelho Gomes
54.2%
United States Jay DeMerit
53.7%
PortugalPaulo Ferreira
53.7%
GreeceSotirios Kyrgiakos
51.9%
AlgeriaNadir Belhadj
50.5%
Country Player % Correct
NigeriaNwankwo Kanu
50%
AustraliaBrett Emerton
47.7%
SloveniaRobert Koren
47.2%
United States Marcus Hahnemann
46.8%
SerbiaZoran Tošić
44.4%
SwitzerlandValon Behrami
42.6%
HondurasMaynor Figueroa
39.4%
NigeriaDickson Etuhu
38.9%
NigeriaJohn Utaka
38.9%
SerbiaNikola Žigić
38%
CameroonSébastien Bassong
36.6%
SlovakiaVladimír Weiss
36.6%
AustraliaBrad Jones
35.2%
ParaguayPaulo da Silva
34.3%
United States Stuart Holden
33.8%
GhanaKevin-Prince Boateng
31.5%
NigeriaDanny Shittu
29.6%
SlovakiaMarek Čech
29.6%
HondurasHendry Thomas
29.6%
New ZealandRory Fallon
29.2%
AlgeriaHassan Yebda
26.9%
AustraliaAdam Federici
26.9%
SerbiaMilan Jovanović
26.9%
GhanaJohn Paintsil
26.9%
New ZealandChris Killen
25.9%
New ZealandChris Wood
25%
SerbiaNenad Milijaš
24.1%
GhanaRichard Kingson
22.7%
AustraliaVincenzo Grella
22.2%
SlovakiaMiroslav Stoch
20.4%
South AfricaKagisho Dikgacoi
19.4%
AustraliaRichard García
19.4%
New ZealandTommy Smith
19%
ChileGonzalo Jara
18.1%
DenmarkLars Jacobsen
16.7%
ParaguayAntolín Alcaraz
14.4%
SerbiaVladimir Stojković
13%
ParaguayCristian Riveros
12.5%
AlgeriaAdlène Guedioura
9.7%
Côte d'Ivoire Steve Gohouri
7.9%

You're not logged in!

Compare scores with friends on all Sporcle quizzes.
Join for Free
OR
Log In

You Might Also Like...

Show Comments

Extras

Top Quizzes Today


Score Distribution

Your Account Isn't Verified!

In order to create a playlist on Sporcle, you need to verify the email address you used during registration. Go to your Sporcle Settings to finish the process.

Report this User

Report this user for behavior that violates our Community Guidelines.

Details: